[Event "Vesterhav"]
[Site "Esbjerg"]
[Date "2008.07.13"]
[Round "3"]
[White "Jensen, John Klaus"]
[Black "Lindestrom, Amalie Heiring"]
[Result "1-0"]
[WhiteElo "1960"]
[BlackElo "1413"]
[PlyCount "103"]
[EventDate "2008.07.11"]
[EventType "swiss"]
[EventRounds "10"]
[EventCountry "DEN"]
[Source "ChessBase"]
[SourceDate "2008.09.01"]

1. d4 Nf6 2. Nf3 g6 3. c4 Bg7 4. g3 d6 5. Bg2 O-O 6. O-O c5 7. Nc3 Na6 8. Bg5
Bd7 9. Qd2 Re8 10. Rad1 Nc7 11. dxc5 Be6 12. cxd6 exd6 13. b3 d5 14. cxd5 Bf5
15. Nd4 Qd7 16. Bxf6 Bxf6 17. Nxf5 Qxf5 18. e4 Qe5 19. Rc1 Rad8 20. Rfd1 Qd6
21. f4 Qb6+ 22. Qf2 Qb4 23. e5 Bg7 24. Qd4 Qxd4+ 25. Rxd4 f6 26. Rc4 Na6 27. d6
fxe5 28. Bxb7 Rxd6 29. Re1 Kf8 30. Bxa6 Rxa6 31. Rce4 Ra5 32. fxe5 Raxe5 33.
Rxe5 Rxe5 34. Rxe5 Bxe5 35. Ne4 Ke7 36. Kf2 h6 37. Ke3 Kd7 38. Kd3 Kc6 39. Kc4
Bb2 40. b4 Be5 41. a4 Bc7 42. h3 g5 43. g4 a6 44. b5+ axb5+ 45. axb5+ Kb6 46.
Nf6 Bd6 47. Kd5 Be7 48. Ke6 Bc5 49. Nd7+ Kxb5 50. Nxc5 Kxc5 51. Kf6 Kd5 52. Kg6
1-0

[Event "Vesterhav"]
[Site "Esbjerg"]
[Date "2008.07.13"]
[Round "3"]
[White "Jensen, Torben Richard"]
[Black "Trarup, Jorgen"]
[Result "1-0"]
[WhiteElo "1968"]
[BlackElo "1784"]
[PlyCount "79"]
[EventDate "2008.07.11"]
[EventType "swiss"]
[EventRounds "10"]
[EventCountry "DEN"]
[Source "ChessBase"]
[SourceDate "2008.09.01"]

1. c4 e6 2. Nf3 c5 3. g3 Nc6 4. Bg2 Nf6 5. O-O Be7 6. d3 h6 7. Nc3 O-O 8. Bd2
d5 9. a3 Rb8 10. Rb1 dxc4 11. dxc4 a6 12. Bf4 Qxd1 13. Rfxd1 Ra8 14. Na4 Bd7
15. Nb6 Rad8 16. Bc7 Nd4 17. Nxd4 cxd4 18. Bxb7 Bc5 19. Bxd8 Rxd8 20. Nxd7 Rxd7
21. Bxa6 e5 22. b4 Ba7 23. c5 Rc7 24. h3 Ne4 25. Rb3 f5 26. e3 Nc3 27. Re1 Rd7
28. exd4 exd4 29. Bc8 Rd8 30. Bxf5 Rb8 31. Re7 Bxc5 32. bxc5 Rxb3 33. Be6+ Kf8
34. Rf7+ Ke8 35. Bxb3 Ne2+ 36. Kf1 d3 37. Rxg7 Nc3 38. c6 d2 39. c7 Kf8 40.
Rf7+ 1-0

[Event "Vesterhav"]
[Site "Esbjerg"]
[Date "2008.07.13"]
[Round "3"]
[White "Johansen, Johnny Holler"]
[Black "Nielsen, Jesper1"]
[Result "1/2-1/2"]
[WhiteElo "2029"]
[BlackElo "1718"]
[PlyCount "74"]
[EventDate "2008.07.11"]
[EventType "swiss"]
[EventRounds "10"]
[EventCountry "DEN"]
[Source "ChessBase"]
[SourceDate "2008.09.01"]

1. d4 f5 2. Nf3 Nf6 3. c4 e6 4. Nc3 d5 5. Bg5 c6 6. g3 Be7 7. Bxf6 Bxf6 8. Bg2
Nd7 9. cxd5 exd5 10. O-O O-O 11. Qb3 Kh8 12. Rfd1 Qe8 13. e3 Qh5 14. Rac1 Rg8
15. Qc2 Nf8 16. Qe2 g5 17. Ne1 Qh6 18. Nd3 Ng6 19. Qd2 f4 20. Nc5 b6 21. Nb3
Bg4 22. f3 fxe3 23. Qxe3 Rae8 24. Qd2 Bh3 25. Re1 Bd7 26. Rxe8 Rxe8 27. Re1 Qf8
28. Rxe8 Qxe8 29. Qe2 Qc8 30. Bf1 Qc7 31. Qc2 Qd6 32. Bd3 Nf8 33. Ne2 Qe7 34.
Qc1 Qg7 35. Qd2 Be7 36. Qe3 Bd6 37. Kh1 Qf6 1/2-1/2

[Event "Vesterhav"]
[Site "Esbjerg"]
[Date "2008.07.13"]
[Round "3"]
[White "Kops, John"]
[Black "Andersen, Vagn Skov"]
[Result "1/2-1/2"]
[WhiteElo "1979"]
[BlackElo "1778"]
[PlyCount "88"]
[EventDate "2008.07.11"]
[EventType "swiss"]
[EventRounds "10"]
[EventCountry "DEN"]
[Source "ChessBase"]
[SourceDate "2008.09.01"]

1. e4 d6 2. Bc4 Nf6 3. Nc3 c6 4. d3 e5 5. Nf3 Be7 6. O-O O-O 7. Re1 Bg4 8. d4
Bxf3 9. gxf3 Nbd7 10. d5 Nb6 11. Bb3 c5 12. a3 Qd7 13. Kh1 Qh3 14. Rg1 Nh5 15.
Qe2 Nf4 16. Bxf4 exf4 17. Rg4 g5 18. Rag1 Nd7 19. Rxf4 Kh8 20. Rfg4 Ne5 21.
R4g3 Qh4 22. Nd1 f5 23. exf5 Rxf5 24. Ne3 Rf4 25. Ng4 Nxg4 26. Rxg4 Rxg4 27.
Rxg4 Qh3 28. c4 Bf6 29. Rg3 Qh5 30. Qe6 Be5 31. Rh3 Qe8 32. Qf5 Qe7 33. Bc2 h6
34. Rxh6+ Kg8 35. Rg6+ Bg7 36. Qe6+ Qxe6 37. Rxe6 Be5 38. Rg6+ Kf7 39. Rh6 Rh8
40. Rxh8 Bxh8 41. b4 cxb4 42. axb4 Bc3 43. b5 b6 44. Kg2 Be5 1/2-1/2

[Event "Vesterhav"]
[Site "Esbjerg"]
[Date "2008.07.13"]
[Round "3"]
[White "Kovshoj, Sune"]
[Black "Luther, Lasse"]
[Result "0-1"]
[WhiteElo "2013"]
[BlackElo "1912"]
[PlyCount "54"]
[EventDate "2008.07.11"]
[EventType "swiss"]
[EventRounds "10"]
[EventCountry "DEN"]
[Source "ChessBase"]
[SourceDate "2008.09.01"]

1. e4 e6 2. d4 d5 3. Nc3 Bb4 4. Bd3 dxe4 5. Bxe4 Nf6 6. Bf3 Nbd7 7. Nge2 c6 8.
O-O O-O 9. Bf4 Nb6 10. Qd3 Nbd5 11. Bg3 Bd6 12. Rae1 Bxg3 13. fxg3 Nb4 14. Qd2
c5 15. a3 Nc6 16. d5 Ne5 17. Nf4 Nxf3+ 18. Rxf3 exd5 19. Nfxd5 Nxd5 20. Qxd5
Qxd5 21. Nxd5 Be6 22. Nc7 Rad8 23. Rfe3 Rd2 24. R3e2 Rfd8 25. Nb5 Rxe2 26. Rxe2
Bc4 27. Re7 Rd1+ 0-1

[Event "Vesterhav"]
[Site "Esbjerg"]
[Date "2008.07.13"]
[Round "3"]
[White "Kristensen, Hans Hald"]
[Black "Lauritsen, Martin Lee"]
[Result "1-0"]
[WhiteElo "1820"]
[BlackElo "2063"]
[PlyCount "139"]
[EventDate "2008.07.11"]
[EventType "swiss"]
[EventRounds "10"]
[EventCountry "DEN"]
[Source "ChessBase"]
[SourceDate "2008.09.01"]

1. d4 Nf6 2. Bf4 e6 3. e3 d5 4. Nf3 c5 5. c3 Nc6 6. Nbd2 Qb6 7. Rb1 Be7 8. Bd3
O-O 9. h3 Qd8 10. g4 Bd6 11. Ne5 Qc7 12. Ndf3 Nd7 13. Nxd7 Bxd7 14. Bxd6 Qxd6
15. Qc2 g6 16. Rd1 e5 17. dxc5 Qxc5 18. Be2 Be6 19. Rd2 Rac8 20. a3 a5 21. O-O
b5 22. Rc1 f5 23. Ng5 Qd6 24. Nxe6 Qxe6 25. Qd1 f4 26. exf4 Qf6 27. Bxb5 Qxf4
28. Rcc2 d4 29. Bxc6 Rxc6 30. cxd4 Rxc2 31. Qxc2 e4 32. Re2 Re8 33. Qc4+ Kg7
34. d5 Re7 35. Qd4+ Kf7 36. d6 Rd7 37. Rxe4 Qxd6 38. Qxd6 Rxd6 39. Ra4 Rb6 40.
Rxa5 Rxb2 41. Ra7+ Kg8 42. Kg2 Rc2 43. a4 Rc3 44. f3 g5 45. a5 Ra3 46. a6 Ra5
47. Kf2 Ra3 48. Kg3 Ra5 49. h4 h6 50. hxg5 hxg5 51. Kf2 Ra3 52. Ke2 Kf8 53.
Ra8+ Kg7 54. a7 Kh7 55. Kd2 Kg7 56. Kc2 Rxf3 57. Rg8+ Kxg8 58. a8=Q+ Rf8 59.
Qd5+ Kg7 60. Qxg5+ Kf7 61. Kd3 Re8 62. Kd4 Re6 63. Kd5 Ra6 64. Qf4+ Rf6 65. Qe5
Kg6 66. Qh5+ Kg7 67. g5 Ra6 68. Kc5 Ra1 69. Qh6+ Kg8 70. Qg6+ 1-0

[Event "Vesterhav"]
[Site "Esbjerg"]
[Date "2008.07.13"]
[Round "3"]
[White "Madsen, Egon Rysgaard"]
[Black "Wasenius, Thomas"]
[Result "1/2-1/2"]
[WhiteElo "1677"]
[BlackElo "1196"]
[PlyCount "53"]
[EventDate "2008.07.11"]
[EventType "swiss"]
[EventRounds "10"]
[EventCountry "DEN"]
[Source "ChessBase"]
[SourceDate "2008.09.01"]

1. e4 c6 2. d4 d5 3. exd5 cxd5 4. Nf3 Nc6 5. c3 Bg4 6. Bf4 e6 7. Nbd2 Nf6 8.
Bb5 Bd6 9. Bg3 O-O 10. O-O Ne4 11. Be2 Nxg3 12. hxg3 f5 13. Ne5 Nxe5 14. dxe5
Bxe2 15. Qxe2 Bc5 16. Nb3 Bb6 17. Nd4 Bxd4 18. cxd4 Qb6 19. Qd2 a5 20. Rac1
Rfc8 21. Rc3 Rc6 22. Rfc1 Rac8 23. Rxc6 Rxc6 24. Rxc6 bxc6 25. Qc3 Kf7 26. f4
Ke7 27. Kf2 1/2-1/2

[Event "Vesterhav"]
[Site "Esbjerg"]
[Date "2008.07.13"]
[Round "3"]
[White "Madsen, Tobias Juul"]
[Black "Nordin, Eric"]
[Result "1-0"]
[WhiteElo "1608"]
[BlackElo "1991"]
[PlyCount "49"]
[EventDate "2008.07.11"]
[EventType "swiss"]
[EventRounds "10"]
[EventCountry "DEN"]
[Source "ChessBase"]
[SourceDate "2008.09.01"]

1. e4 d6 2. d4 Nf6 3. Nc3 g6 4. Nf3 Bg7 5. Bc4 O-O 6. Be3 Nxe4 7. Nxe4 d5 8.
Bxd5 Qxd5 9. Nc3 Qa5 10. Qd2 c5 11. Bh6 Rd8 12. Bxg7 Kxg7 13. d5 Bf5 14. Ne5
Be6 15. O-O-O b5 16. Qf4 Bf5 17. g4 b4 18. Nb1 Bxc2 19. Qxf7+ Kh8 20. Kxc2 c4
21. Qxe7 b3+ 22. Kc1 Na6 23. Nf7+ Kg8 24. Nh6+ Kh8 25. Qf6# 1-0

[Event "Vesterhav"]
[Site "Esbjerg"]
[Date "2008.07.13"]
[Round "3"]
[White "Malakhatko, Vadim"]
[Black "Vul, Arkadi Eremeevich"]
[Result "1-0"]
[WhiteElo "2612"]
[BlackElo "2332"]
[PlyCount "83"]
[EventDate "2008.07.11"]
[EventType "swiss"]
[EventRounds "10"]
[EventCountry "DEN"]
[Source "ChessBase"]
[SourceDate "2008.09.01"]

1. d4 d5 2. c4 e6 3. Nc3 c6 4. Nf3 Nf6 5. e3 Nbd7 6. Bd3 dxc4 7. Bxc4 b5 8. Bd3
a6 9. e4 c5 10. d5 c4 11. Bc2 e5 12. O-O Bd6 13. Ne2 O-O 14. Ng3 Nc5 15. Bg5 h6
16. Be3 Re8 17. h3 a5 18. b3 c3 19. a3 Bd7 20. Nh2 b4 21. a4 Qc7 22. Qf3 Nh7
23. Ng4 Bf8 24. Nf5 Bxf5 25. Qxf5 Ra6 26. Qf3 Be7 27. Qe2 Raa8 28. f4 Nd7 29.
fxe5 Nxe5 30. Nxe5 Qxe5 31. Qd3 Bd6 32. Bf4 Bc5+ 33. Kh1 Qd4 34. Qf3 g5 35. Bh2
Qd2 36. Rac1 Ra7 37. e5 Be3 38. Qf5 Nf8 39. Rcd1 Qe2 40. Qe4 f5 41. Rxf5 Nd7
42. Rf3 1-0

[Event "Vesterhav"]
[Site "Esbjerg"]
[Date "2008.07.13"]
[Round "3"]
[White "Marshall, Michael"]
[Black "Christensen, Svend Ib"]
[Result "0-1"]
[WhiteElo "1917"]
[BlackElo "1531"]
[PlyCount "124"]
[EventDate "2008.07.11"]
[EventType "swiss"]
[EventRounds "10"]
[EventCountry "DEN"]
[Source "ChessBase"]
[SourceDate "2008.09.01"]

1. d4 d5 2. Nf3 c6 3. e3 Nf6 4. c4 Bg4 5. Nbd2 e6 6. Bd3 Be7 7. O-O O-O 8. Qc2
dxc4 9. Bxc4 Bf5 10. e4 Bg6 11. b3 Nbd7 12. Bb2 Nd5 13. a3 Rc8 14. Qd1 N5b6 15.
Bd3 Bf6 16. b4 Re8 17. Qb3 e5 18. dxe5 Nxe5 19. Nxe5 Bxe5 20. Bxe5 Rxe5 21. Nf3
Re8 22. Rad1 Qe7 23. Rfe1 Rcd8 24. Rc1 a6 25. Bb1 Nd7 26. e5 Bxb1 27. Qxb1 Nf8
28. Qe4 Ne6 29. Rcd1 Rxd1 30. Rxd1 Rd8 31. Qc2 h6 32. g3 Rxd1+ 33. Qxd1 c5 34.
bxc5 Qxc5 35. Qd7 Qc1+ 36. Kg2 Qc6 37. Qxc6 bxc6 38. Kf1 Kf8 39. Ke2 Ke7 40.
Kd3 Kd7 41. Kc4 Kc7 42. Nd4 Nd8 43. Nf5 Ne6 44. Nd4 Nd8 45. f4 g6 46. g4 Ne6
47. Nxe6+ fxe6 48. Kc5 g5 49. f5 exf5 50. gxf5 g4 51. f6 Kd7 52. f7 Ke7 53. e6
h5 54. Kd4 h4 55. Ke3 c5 56. Kf4 c4 57. Kxg4 c3 58. Kf5 c2 59. Kg6 c1=Q 60. Kg7
Qg1+ 61. Kh8 Qxh2 62. Kg7 Qg3+ 0-1

[Event "Vesterhav"]
[Site "Esbjerg"]
[Date "2008.07.13"]
[Round "3"]
[White "Mortensen, Henrik"]
[Black "Hasbo, Mikkel"]
[Result "1-0"]
[WhiteElo "2019"]
[BlackElo "1485"]
[PlyCount "53"]
[EventDate "2008.07.11"]
[EventType "swiss"]
[EventRounds "10"]
[EventCountry "DEN"]
[Source "ChessBase"]
[SourceDate "2008.09.01"]

1. e4 e5 2. Nc3 Bc5 3. Nf3 Nc6 4. Na4 Bb6 5. Nxb6 axb6 6. d4 exd4 7. Nxd4 Nge7
8. Bc4 O-O 9. O-O Kh8 10. Bg5 f6 11. Bh4 Nxd4 12. Qxd4 Ng6 13. Bg3 d6 14. f4 f5
15. Bd3 Be6 16. a3 Qd7 17. Rae1 Rae8 18. b3 c5 19. Qe3 fxe4 20. Bxe4 Bd5 21.
Qd3 Bxe4 22. Rxe4 Ne7 23. Rfe1 b5 24. Qe2 Rf7 25. Bh4 d5 26. Re6 Kg8 27. Bxe7
1-0

[Event "Vesterhav"]
[Site "Esbjerg"]
[Date "2008.07.13"]
[Round "3"]
[White "Nielsen, Aage Sondergaard"]
[Black "Dyrgaard, Kristoffer"]
[Result "0-1"]
[WhiteElo "1938"]
[BlackElo "2173"]
[PlyCount "68"]
[EventDate "2008.07.11"]
[EventType "swiss"]
[EventRounds "10"]
[EventCountry "DEN"]
[Source "ChessBase"]
[SourceDate "2008.09.01"]

1. f4 Nf6 2. Nf3 c5 3. g3 Nc6 4. Bg2 g6 5. O-O Bg7 6. d3 d6 7. e4 e6 8. Na3 O-O
9. c3 e5 10. f5 h6 11. Nh4 g5 12. Nf3 d5 13. Qe2 c4 14. dxc4 dxe4 15. Ne1 b6
16. Bxe4 Nxe4 17. Qxe4 Bb7 18. Qg4 Qe7 19. Be3 e4 20. Qh5 f6 21. Nac2 Ne5 22.
b3 Nf3+ 23. Kf2 Rfe8 24. Rd1 Rad8 25. Rxd8 Rxd8 26. Nxf3 exf3 27. Re1 Qe4 28.
Nb4 a5 29. Nd5 Rxd5 30. cxd5 Qc2+ 31. Kxf3 Bxd5+ 32. Kg4 Qe4+ 33. Kh3 Qg2+ 34.
Kg4 Bf3# 0-1

[Event "Vesterhav"]
[Site "Esbjerg"]
[Date "2008.07.13"]
[Round "3"]
[White "Nielsen, Lasse Simoni"]
[Black "Poulsen, Iver"]
[Result "1-0"]
[WhiteElo "1888"]
[BlackElo "2147"]
[PlyCount "103"]
[EventDate "2008.07.11"]
[EventType "swiss"]
[EventRounds "10"]
[EventCountry "DEN"]
[Source "ChessBase"]
[SourceDate "2008.09.01"]

1. e4 c5 2. Nc3 Nc6 3. g3 g6 4. Bg2 Bg7 5. d3 d6 6. Be3 e5 7. Qd2 Nge7 8. Nge2
Nd4 9. O-O Be6 10. Nd1 d5 11. c3 Nxe2+ 12. Qxe2 d4 13. Bd2 Qd7 14. c4 O-O 15.
f4 Rac8 16. Nf2 a6 17. b3 b5 18. h3 Qc7 19. Ng4 Bxg4 20. Qxg4 f5 21. Qe2 Rce8
22. Rae1 bxc4 23. bxc4 Kh8 24. Rb1 Rb8 25. Rfe1 Rxb1 26. Rxb1 Rb8 27. Rxb8+
Qxb8 28. Kf2 Bf6 29. h4 Kg7 30. h5 exf4 31. Bxf4 Be5 32. exf5 Kf6 33. Bxe5+
Qxe5 34. Qxe5+ Kxe5 35. fxg6 hxg6 36. hxg6 Nxg6 37. Be4 Ne7 38. Kf3 Ng8 39. g4
Nh6 40. g5 Nf7 41. Kg4 Nd6 42. Bh7 a5 43. Kh5 a4 44. Kg6 Ne4 45. Kh6 Nd6 46. g6
Kf6 47. Bg8 a3 48. Bd5 Nf5+ 49. Kh7 Ng7 50. Bc6 Nf5 51. Bd7 Ng7 52. Kh6 1-0

[Event "Vesterhav"]
[Site "Esbjerg"]
[Date "2008.07.13"]
[Round "3"]
[White "Nielsen, Thomas (1994)"]
[Black "Zyde, Fadmal"]
[Result "0-1"]
[WhiteElo "1084"]
[BlackElo "1659"]
[PlyCount "56"]
[EventDate "2008.07.11"]
[EventType "swiss"]
[EventRounds "10"]
[EventCountry "DEN"]
[Source "ChessBase"]
[SourceDate "2008.09.01"]

1. d4 d5 2. Bf4 Nc6 3. Nf3 Nf6 4. Nc3 Bf5 5. a3 e6 6. e3 Nh5 7. Be5 f6 8. Bg3
Nxg3 9. hxg3 g5 10. Bd3 Bxd3 11. Qxd3 Qd7 12. e4 dxe4 13. Nxe4 Be7 14. O-O-O
O-O-O 15. Rh6 g4 16. Ne1 f5 17. Nc5 Qxd4 18. Nxe6 Qxf2 19. Qc3 Rxd1+ 20. Kxd1
Re8 21. Rxh7 Bd6 22. Rh8 Rxh8 23. Qxh8+ Kd7 24. Nf4 Bxf4 25. gxf4 Qxf4 26. Qh4
Nd4 27. g3 Qe4 28. Qg5 Qe2+ 0-1

[Event "Vesterhav"]
[Site "Esbjerg"]
[Date "2008.07.13"]
[Round "3"]
[White "Pedersen, Jan Rode"]
[Black "Jensen, Leif Haugaard"]
[Result "1-0"]
[WhiteElo "2206"]
[BlackElo "2010"]
[PlyCount "83"]
[EventDate "2008.07.11"]
[EventType "swiss"]
[EventRounds "10"]
[EventCountry "DEN"]
[Source "ChessBase"]
[SourceDate "2008.09.01"]

1. e4 e6 2. d4 d5 3. Nd2 dxe4 4. Nxe4 Nd7 5. Nf3 Ngf6 6. Nc3 c5 7. Be2 a6 8.
Bg5 Be7 9. O-O O-O 10. dxc5 Nxc5 11. b4 Nce4 12. Nxe4 Nxe4 13. Bxe7 Qxe7 14.
Qd4 Nf6 15. Rfd1 Bd7 16. Ne5 Rfd8 17. Qh4 Kf8 18. Bf3 Be8 19. a3 Rac8 20. c4 h6
21. Qf4 Ba4 22. Rxd8+ Rxd8 23. g4 Be8 24. h4 Kg8 25. g5 hxg5 26. hxg5 Nh7 27.
g6 fxg6 28. Re1 b6 29. Bg4 Ng5 30. Qe3 Qf6 31. Qxb6 Rd2 32. Qe3 Rc2 33. Re2
Rxe2 34. Qxe2 Nf7 35. Nxf7 Bxf7 36. Qf3 Qg5 37. Kh2 e5 38. c5 Qd2 39. Qe3 Qb2
40. c6 e4 41. c7 Qe5+ 42. Qg3 1-0

[Event "Vesterhav"]
[Site "Esbjerg"]
[Date "2008.07.13"]
[Round "3"]
[White "Pedersen, Lars Wisler"]
[Black "Flindt, Thomas"]
[Result "0-1"]
[WhiteElo "1893"]
[BlackElo "2166"]
[PlyCount "72"]
[EventDate "2008.07.11"]
[EventType "swiss"]
[EventRounds "10"]
[EventCountry "DEN"]
[Source "ChessBase"]
[SourceDate "2008.09.01"]

1. e4 Nc6 2. Nf3 d6 3. Bb5 a6 4. Bxc6+ bxc6 5. d4 Bg4 6. O-O e6 7. c4 Ne7 8.
Nc3 Ng6 9. h3 Bxf3 10. Qxf3 Be7 11. Bd2 O-O 12. Ne2 Bg5 13. Nf4 Nh4 14. Qg4 f5
15. Qg3 Bxf4 16. Bxf4 Ng6 17. Bg5 Qe8 18. exf5 Rxf5 19. Rfe1 Qf7 20. Re2 e5 21.
dxe5 Nxe5 22. b3 h6 23. Bxh6 Qf6 24. Bxg7 Qxg7 25. Qxg7+ Kxg7 26. g3 Rf3 27.
Kg2 Raf8 28. Rd1 c5 29. Rdd2 R8f7 30. Re4 a5 31. Ree2 a4 32. bxa4 Nxc4 33. Rc2
Ne5 34. Re4 Nd3 35. Re3 Rxe3 36. fxe3 Ne1+ 0-1

[Event "Vesterhav"]
[Site "Esbjerg"]
[Date "2008.07.13"]
[Round "3"]
[White "Rasmussen, Karsten"]
[Black "Bonnelykke, Ole"]
[Result "1-0"]
[WhiteElo "2458"]
[BlackElo "2148"]
[PlyCount "75"]
[EventDate "2008.07.11"]
[EventType "swiss"]
[EventRounds "10"]
[EventCountry "DEN"]
[Source "ChessBase"]
[SourceDate "2008.09.01"]

1. Nf3 f5 2. d3 Nf6 3. e4 d6 4. Nc3 Nc6 5. exf5 Bxf5 6. d4 e5 7. Bb5 exd4 8.
Nxd4 Bd7 9. O-O a6 10. Bxc6 bxc6 11. Qe2+ Be7 12. Bg5 O-O 13. Nxc6 Bxc6 14.
Qc4+ Kh8 15. Qxc6 Ng4 16. Bxe7 Qxe7 17. Qe4 Qd7 18. h3 Nf6 19. Qd3 Nh5 20. Nd5
Rab8 21. b3 c6 22. Qe2 g6 23. Ne3 Nf4 24. Qg4 Qf7 25. Rae1 h5 26. Qd1 d5 27.
Kh2 Qd7 28. Nc4 Rf5 29. g3 Nxh3 30. Qd4+ Kh7 31. Ne5 Qc8 32. Nxc6 Qxc6 33. Re7+
Kh6 34. Kxh3 Rf6 35. Qa7 Qb6 36. Rh7+ Kg5 37. f4+ Kf5 38. Re1 1-0

[Event "Vesterhav"]
[Site "Esbjerg"]
[Date "2008.07.13"]
[Round "3"]
[White "Sande Caceres, Cipriano"]
[Black "Porsgaard, Per Lykke"]
[Result "0-1"]
[WhiteElo "1792"]
[BlackElo "1248"]
[PlyCount "133"]
[EventDate "2008.07.11"]
[EventType "swiss"]
[EventRounds "10"]
[EventCountry "DEN"]
[Source "ChessBase"]
[SourceDate "2008.09.01"]

1. c4 c5 2. g3 g6 3. Bg2 Bg7 4. e3 Nc6 5. Ne2 Nf6 6. Nbc3 Nb4 7. d3 O-O 8. O-O
d5 9. a3 d4 10. exd4 cxd4 11. Nb5 Nc6 12. Bxc6 bxc6 13. Nbxd4 Bh3 14. Re1 Rc8
15. Be3 Ng4 16. Rb1 c5 17. Nb3 Nxe3 18. fxe3 Bg4 19. Qd2 Bh6 20. Nf4 e5 21. Nd5
Be6 22. Qg2 Kg7 23. Nd2 Bxd5 24. cxd5 f5 25. Nc4 f4 26. exf4 exf4 27. Re6 fxg3
28. hxg3 Rf5 29. Re5 Qg5 30. Rxf5 gxf5 31. Re1 Qg4 32. Nd6 Rf8 33. Kh2 f4 34.
Ne4 fxg3+ 35. Nxg3 Kh8 36. Re4 Bf4 37. Qh3 Bxg3+ 38. Qxg3 Qh5+ 39. Qh4 Rf2+ 40.
Kg1 Qxh4 41. Rxh4 Rxb2 42. d6 Rb7 43. Kf2 Rd7 44. Rh6 Kg7 45. Rh5 Rxd6 46. Rxc5
Kg6 47. Ke3 h5 48. d4 Ra6 49. Rc3 Kf5 50. Kd3 h4 51. Ke3 Rg6 52. Rc5+ Kg4 53.
Rc2 Ra6 54. Rc3 h3 55. Kf2 Rf6+ 56. Kg1 Rd6 57. Rd3 Kf5 58. Rxh3 Rxd4 59. Rh5+
Ke4 60. Rh4+ Ke3 61. Rh3+ Kd2 62. Rh2+ Kc3 63. Rh3+ Kb2 64. Kf1 Ra4 65. Ke1
Rxa3 66. Rxa3 Kxa3 67. Kd1 0-1

[Event "Vesterhav"]
[Site "Esbjerg"]
[Date "2008.07.13"]
[Round "3"]
[White "Seegert, Kristian"]
[Black "Leenhouts, Koen"]
[Result "1-0"]
[WhiteElo "2024"]
[BlackElo "2400"]
[PlyCount "69"]
[EventDate "2008.07.11"]
[EventType "swiss"]
[EventRounds "10"]
[EventCountry "DEN"]
[Source "ChessBase"]
[SourceDate "2008.09.01"]

1. e4 g6 2. d4 Bg7 3. Nc3 c6 4. h3 d5 5. Nf3 Nh6 6. Bf4 f6 7. Qd2 Nf7 8. O-O-O
O-O 9. Bd3 e5 10. Be3 dxe4 11. Nxe4 f5 12. Neg5 e4 13. Bc4 exf3 14. gxf3 Nd7
15. Ne6 Qf6 16. Nxf8 Kxf8 17. h4 Nb6 18. Bb3 Be6 19. Bg5 Nxg5 20. hxg5 Qf7 21.
Rxh7 Bxb3 22. axb3 Kg8 23. Rh4 a5 24. Kb1 a4 25. b4 Nc4 26. Qc3 b6 27. b5 c5
28. Rdh1 Rd8 29. f4 Rxd4 30. Qh3 Qd5 31. Rh8+ Kf7 32. Qh7 Nd2+ 33. Kc1 Nb3+ 34.
cxb3 Rc4+ 35. Kb1 1-0

[Event "Vesterhav"]
[Site "Esbjerg"]
[Date "2008.07.13"]
[Round "3"]
[White "Skaanning Pedersen, Kim Henrik"]
[Black "Andersen, Daniel"]
[Result "1-0"]
[WhiteElo "2173"]
[BlackElo "1969"]
[PlyCount "69"]
[EventDate "2008.07.11"]
[EventType "swiss"]
[EventRounds "10"]
[EventCountry "DEN"]
[Source "ChessBase"]
[SourceDate "2008.09.01"]

1. e4 e6 2. Nc3 d5 3. Nf3 Nf6 4. e5 Nfd7 5. d4 c5 6. dxc5 Bxc5 7. Bd2 Nc6 8.
Bf4 f6 9. exf6 Qxf6 10. Bg3 Nde5 11. Nxe5 Nxe5 12. Qh5+ Nf7 13. Nb5 Bb6 14.
Nd6+ Kf8 15. Bh4 Qe5+ 16. Qxe5 Nxe5 17. O-O-O Bc7 18. Nb5 Bb8 19. Re1 Bd7 20.
Nd4 Ng6 21. Bg3 Nf4 22. Rd1 Kf7 23. Nf3 Ng6 24. c4 Bxg3 25. hxg3 Bc6 26. Ng5+
Kf6 27. Nxe6 dxc4 28. Rd6 Ke7 29. Rxc6 bxc6 30. Nc7 Kd7 31. Nxa8 Rxa8 32. Bxc4
Re8 33. Kd2 Ke7 34. Re1+ Kd7 35. Rxe8 1-0

[Event "Vesterhav"]
[Site "Esbjerg"]
[Date "2008.07.13"]
[Round "3"]
[White "Spirin, Oleg"]
[Black "Hoiberg, Nina"]
[Result "1-0"]
[WhiteElo "2446"]
[BlackElo "2211"]
[PlyCount "73"]
[EventDate "2008.07.11"]
[EventType "swiss"]
[EventRounds "10"]
[EventCountry "DEN"]
[Source "ChessBase"]
[SourceDate "2008.09.01"]

1. d4 d6 2. Nf3 Bg4 3. c4 c6 4. Nc3 Nd7 5. g3 Bxf3 6. exf3 g6 7. Bg2 Bg7 8. O-O
Qb6 9. d5 c5 10. Re1 Ngf6 11. f4 h5 12. h3 Ng8 13. h4 Nh6 14. Bh3 f5 15. Qc2
Bf6 16. b3 Kf7 17. Bb2 Rhe8 18. Ne4 Ng8 19. Ng5+ Kg7 20. Re2 Nf8 21. Rae1 Qc7
22. f3 Qd7 23. Ne6+ Nxe6 24. Rxe6 Nh6 25. R1e3 Kf7 26. Qe2 a6 27. Bf1 Bxb2 28.
Qxb2 b5 29. Qc2 b4 30. Bh3 Ra7 31. g4 hxg4 32. fxg4 Rg8 33. g5 Ng4 34. Bxg4
fxg4 35. h5 gxh5 36. Qh7+ Kf8 37. g6 1-0

[Event "Vesterhav"]
[Site "Esbjerg"]
[Date "2008.07.13"]
[Round "3"]
[White "Stubsgaard, Aske Lynge"]
[Black "Munksgaard, Dennis"]
[Result "0-1"]
[WhiteElo "1061"]
[BlackElo "2022"]
[PlyCount "52"]
[EventDate "2008.07.11"]
[EventType "swiss"]
[EventRounds "10"]
[EventCountry "DEN"]
[Source "ChessBase"]
[SourceDate "2008.09.01"]

1. e4 e5 2. Nf3 Nc6 3. Bc4 Nf6 4. Nc3 Nxe4 5. Nxe5 Nxe5 6. Qe2 Nxc4 7. Nxe4 Be7
8. Qxc4 d5 9. Qd4 dxe4 10. Qxg7 Bf6 11. Qh6 Bg4 12. Qf4 Be6 13. O-O Qe7 14.
Qxe4 O-O-O 15. d3 Bd5 16. Qg4+ Kb8 17. g3 Be6 18. Qf3 h5 19. Bf4 Bd5 20. Qd1 h4
21. Re1 Qd7 22. f3 hxg3 23. Bxg3 Rhg8 24. Qe2 Bd4+ 25. Kf1 Rxg3 26. h3 Rg1# 0-1

[Event "Vesterhav"]
[Site "Esbjerg"]
[Date "2008.07.13"]
[Round "3"]
[White "Svane, Henrik"]
[Black "Hansen, Ib Lynaes"]
[Result "1-0"]
[WhiteElo "2150"]
[BlackElo "1926"]
[PlyCount "63"]
[EventDate "2008.07.11"]
[EventType "swiss"]
[EventRounds "10"]
[EventCountry "DEN"]
[Source "ChessBase"]
[SourceDate "2008.09.01"]

1. d4 Nf6 2. c4 g6 3. Nc3 d5 4. cxd5 Nxd5 5. e4 Nxc3 6. bxc3 Bg7 7. Bc4 O-O 8.
Ne2 Nd7 9. O-O c6 10. f4 Nb6 11. Bb3 Bg4 12. h3 Bxe2 13. Qxe2 c5 14. Be3 cxd4
15. Rad1 e5 16. fxe5 Bxe5 17. cxd4 Bg7 18. Qf3 Qd7 19. e5 Rac8 20. Rc1 Rc6 21.
Qe4 Kh8 22. d5 Rxc1 23. Rxc1 f5 24. exf6 Bxf6 25. Qe6 Qd8 26. Rf1 Nd7 27. Ba4
Nb6 28. Bc5 Nxa4 29. Bxf8 Qxf8 30. Rxf6 Qc5+ 31. Kh2 Nb6 32. Rf7 1-0

[Event "Vesterhav"]
[Site "Esbjerg"]
[Date "2008.07.13"]
[Round "3"]
[White "Voss, Janine"]
[Black "Amberger, Dieter"]
[Result "0-1"]
[WhiteElo "1832"]
[BlackElo "2110"]
[PlyCount "56"]
[EventDate "2008.07.11"]
[EventType "swiss"]
[EventRounds "10"]
[EventCountry "DEN"]
[Source "ChessBase"]
[SourceDate "2008.09.01"]

1. e4 c5 2. Nf3 Nc6 3. d4 cxd4 4. Nxd4 Nf6 5. Nc3 e5 6. Ndb5 d6 7. Bg5 a6 8.
Na3 b5 9. Nd5 Be7 10. Bxf6 Bxf6 11. Be2 O-O 12. c3 Bg5 13. Nc2 Rb8 14. O-O f5
15. exf5 Bxf5 16. Nce3 Bg6 17. a4 bxa4 18. Qxa4 Ne7 19. Bc4 Bf7 20. Nxe7+ Qxe7
21. Nd5 Qb7 22. Rfd1 Qxb2 23. Qxa6 Kh8 24. Ra2 Qb7 25. Qxd6 Rfd8 26. Qxe5 Bf6
27. Qf5 Bxd5 28. Bd3 Be4 0-1